01136nam a2200193Ia 4500001001000000003001000010008004100020040002500061041001300086100003300099245006000132250001100192260006800203300002900271500024700300501011400547520024700661650003400908L235-7505IT-CnALBA170116s9999||||xx |||||||||||||| ||und|| aIT-CnALBAcIT-CnALBA aITALIANO aBERSANI DOSSENA MONS. ANGELO 0aIL MESE DI MAGGIO. DISCORSETTI IN ONORE DELLA VERGINE.  a3a ed. aLODIbCAGNOLA CARLO. TIPOGR. VESCOV. LODIc1876 [1° Ed.: n.d.] a314 p. (prefazione: 513) aVITA DI MARIA. VERA DEVOZIONE. IMMACOLATA. NATIVITÀ NOME DI MARIA. SPOSALIZIO CON S. GIUSEPPE. ANNUNZIAZIONE INCARNAZIONE. VISITAZIONE. NASCITA DI GESÙ. PURIIFICAZIONE. CANA ADDOLORATA. MATERNITÀ DI MARIA. PENTECOSTE MORTE. ASSUNZIONE.  aSocietà San Paolo EM - Piazza San Paolo, 14 - 12051 ALBA (CN) (non commercial uses only) ® Copyright 2017 aVITA DI MARIA. VERA DEVOZIONE. IMMACOLATA. NATIVITÀ NOME DI MARIA. SPOSALIZIO CON S. GIUSEPPE. ANNUNZIAZIONE INCARNAZIONE. VISITAZIONE. NASCITA DI GESÙ. PURIIFICAZIONE. CANA ADDOLORATA. MATERNITÀ DI MARIA. PENTECOSTE MORTE. ASSUNZIONE.  aMARIA SS. ANGELI SANTI DEMONI